000
00262nam a2200097Ia 4500
005
20250424112931.0
008
250424s9999 xx 000 0 und d
300
_a
v. , 452 p. : ill. (some col.) ; 28 cm.
650
_a
Computer Engineering--Periodicals
942
_c
SR
999
_c
37964
_d
37964